|
|
|
|
| LEADER |
01047nam a2200265 u 4500 |
| 001 |
10113345 |
| 003 |
upatras |
| 005 |
20210328165008.0 |
| 008 |
140724s2004 ge eng |
| 020 |
|
|
|a 3540206140
|
| 040 |
|
|
|a GR-PaULI
|c GR-PaULI
|
| 041 |
0 |
|
|a eng
|
| 082 |
0 |
4 |
|a 510.76
|
| 245 |
1 |
0 |
|a Arnold's problems
|c ; edited by Vladimir I. Arnold
|
| 260 |
|
|
|a Berlin
|b Springer
|c 2004
|
| 300 |
|
|
|a xiv, 639 σ.
|c 24 εκ.
|
| 500 |
|
|
|a Περιέχει ευρετήριο
|
| 650 |
|
4 |
|a Μαθηματική ανάλυση
|9 129
|
| 650 |
|
4 |
|9 27841
|a Μαθηματικά
|x Προβλήματα, ασκήσεις κλπ.
|
| 700 |
1 |
|
|a Arnold, V. I.
|q (Vladimir Igorevich),
|d 1937-2010
|4 edt
|9 790
|
| 852 |
|
|
|a GR-PaULI
|b ΠΑΤΡΑ
|b ΒΚΠ
|b ΒΣ1
|k ΑΣΧΞ
|h 510.76 ΑΡΝ
|m 097695
|p 025000239353
|t 1
|
| 942 |
|
|
|2 ddc
|c BK15
|
| 952 |
|
|
|0 0
|1 0
|4 0
|6 510_760000000000000_ΑΡΝ
|7 0
|9 168186
|a LISP
|b LISP
|c BSC
|d 2016-04-24
|i 097695
|l 0
|o 510.76 ΑΡΝ
|p 025000239353
|r 2016-04-24 00:00:00
|t 1
|w 2016-04-24
|y BK15
|
| 998 |
|
|
|c ΜΠΟΥΡΑΣ
|d 2014-07
|
| 999 |
|
|
|c 105165
|d 105165
|